Mexico World Cup 2014 squad - Statistics

General Stats
  • This quiz has been taken 774 times
    751 since last reset
  • The average score is 15 of 24
Answer Stats
% Correct
FW Javier Hernandez Manchester United
96%
GK Guillermo Ochoa Ajaccio
95%
FW Giovani Dos Santos Villarreal
85%
MD Hector Herrera FC Porto
80%
COACH Miguel Herrera /
80%
DF Rafael Marquez Leon
76%
GK Jesus Corona Cruz Azul
75%
MD Andres Guardado Bayer Leverkusen
74%
FW Oribe Peralta Santos
73%
DF Miguel Layun America
66%
DF Hector Moreno Espanyol Barcelona
64%
FW Raul Jimenez America
64%
GK Alfredo Talavera Toluca
61%
DF Diego Reyes FC Porto
54%
DF Paul Aguilar America
54%
DF Francisco Rodriguez America
50%
MD Carlos Pena Leon
49%
MD Javier Aquino Villarreal
48%
DF Carlos Salcido Tigres
42%
MD José Juan Vazquez Leon
40%
MD Marco Fabian Cruz Azul
39%
FW Alan Pulido Tigres
38%
MD Isaac Brizuela Toluca
30%
DF Miguel Ponce Toluca
27%
No matching quizzes found
Score Distribution
Percent of People with Each Score
Percentile by Number Answered
Your Score History
You have not taken this quiz since the last reset